| 000 | 00604nam a2200229 a 4500 | ||
|---|---|---|---|
| 001 | BRCA_6765 | ||
| 005 | 20190320205601.0 | ||
| 008 | 251011s1930----enk#######---#000-0#eng-# | ||
| 041 | _aeng | ||
| 044 | _aenk | ||
| 050 | 4 |
_aHG221 _b.K49 _c1930 |
|
| 100 | 1 |
_aKeynes, John Meynard _916886 |
|
| 245 | 1 | 0 |
_aA treatise on money _cJohn Maynard Keynes |
| 260 |
_aLondres _bMacmillan _c1930 |
||
| 300 |
_a2 v. _c22 cm. |
||
| 500 | _aLa biblioteca tiene solamente el v. 1 | ||
| 500 | _aI131 | ||
| 650 | 1 | 4 |
_aDinero _914801 |
| 650 | 1 | 4 |
_aBancos y operaciones bancarias _916887 |
| 902 | _aGFM | ||
| 942 |
_2lcc _cB |
||
| 999 |
_c6448 _d6448 |
||